| 000 | 00900nam a22002537a 4500 | ||
|---|---|---|---|
| 999 |
_c2030 _d2030 |
||
| 005 | 20251125232741.0 | ||
| 008 | s2531 th tha d | ||
| 020 | _a9742764204 | ||
| 040 | _aNALT | ||
| 041 | _atha | ||
| 050 | _aHF5549 อ244ห 2531 | ||
| 100 | 0 | _aอุทัย หิรัญโต | |
| 245 | 1 | 0 | _aหลักการบริหารงานบุคคล [2nd] |
| 260 | 3 |
_aกรุงเทพฯ : _bโอเดียนสโตร์, _c2531 |
|
| 300 | _a217 หน้า | ||
| 650 | 0 | 4 | _aการบริหารงานบุคคล |
| 650 | 0 | 4 | _aการฝึกอบรม |
| 650 | 0 | 4 | _aระบบราชการ |
| 650 | 0 | 4 | _aสหภาพแรงงาน |
| 850 | _aNALT | ||
| 856 | 4 | 0 |
_uhttps://hdl.handle.net/20.500.14156/444327 _71 |
| 942 |
_cGB _2lcc _01 |
||
| 998 |
_j8 _k นายบัณฑิต อุทาวงค์ |
||